Online Catalogue and eLibrary

Women of the worls : (Record no. 4458)

MARC details
000 -LEADER
fixed length control field 00291nam a2200097Ia 4500
008 - FIXED-LENGTH DATA ELEMENTS--GENERAL INFORMATION
fixed length control field 240331s9999 xx 000 0 und d
082 ## - DDC Classification
Item Number - Author Mark WOM
100 ## - MAIN ENTRY--PERSONAL NAME
Personal name Center for Reproductive Right. ed
245 #0 - TITLE STATEMENT
Title Women of the worls :
Remainder of title and policies affecting their reproductuve lives South Asia
942 ## - Koha item type (Biblio)
Koha item type Books in Stacks (Lending)
Holdings
Lost status Damaged status Collection code Home library Current library Shelving location Date acquired Full call number Accession Number Item type
    Lending WERC Library WERC Library Social Science Cupboard 03/31/2024 342.08 WOM 6423 Books in Stacks (Lending)

© WERC Library